The ministry of the Holy Spirit. (Record no. 14202)

000 -LEADER
fixed length control field 00550nam a2200181 a 4500
001 - CONTROL NUMBER
control field :::00012029$&:&@@
003 - CONTROL NUMBER IDENTIFIER
control field OkBaRHE
005 - DATE AND TIME OF LATEST TRANSACTION
control field 20000607103415.0
008 - FIXED-LENGTH DATA ELEMENTS--GENERAL INFORMATION
fixed length control field s1966 j 000 0 eng u
040 ## - CATALOGING SOURCE
Transcribing agency
100 1# - MAIN ENTRY--PERSONAL NAME
Personal name Rowden, R. J.
245 14 - TITLE STATEMENT
Title The ministry of the Holy Spirit.
260 ## - PUBLICATION, DISTRIBUTION, ETC. (IMPRINT)
Place of publication, distribution, etc Kansas City, MO., :
Name of publisher, distributor, etc Evangelistic Center Church
Date of publication, distribution, etc c1966
300 ## - PHYSICAL DESCRIPTION
Extent 52 p. ;
Dimensions 21 cm.
650 ## - SUBJECT ADDED ENTRY--TOPICAL TERM
Topical term or geographic name as entry element Holy Spirit
942 ## - ADDED ENTRY ELEMENTS (KOHA)
Source of classification or shelving scheme
Koha item type Books
Copies
Barcode Koha item type Withdrawn status Source of classification or shelving scheme Price effective from Copy number Full call number Date last seen Lost status Date acquired Shelving location Permanent Location Damaged status Not for loan
12029Books  2010-04-141BX 8764.28 .R682010-04-14 2010-04-14General StacksRHEMA Bible Training College